[Event "Condom op 12th"]
[Site "Condom"]
[Date "2013.07.18"]
[Round "7"]
[White "Alcaraz Ortega, Javier"]
[Black "Santos Latasa, Jaime"]
[Result "1/2-1/2"]
[WhiteElo "2345"]
[BlackElo "2418"]
[PlyCount "109"]
[EventDate "2013.07.13"]
[EventType "swiss"]
[EventRounds "9"]
[EventCountry "FRA"]
[SourceTitle "CBM 155 Extra"]
[Source "ChessBase"]
[SourceDate "2013.08.26"]
[SourceVersion "1"]
[SourceVersionDate "2013.08.26"]
[SourceQuality "1"]

1. d4 Nf6 2. c4 e6 3. Nc3 d5 4. cxd5 exd5 5. Bg5 c6 6. e3 Be7 7. Bd3 Nbd7 8. Nf3 0-0 9. 0-0 Re8 10. Qc2 Nf8 11. Rac1 g6 12. h3 Ne6 13. Bh6 Ng7 14. Ne5 Nf5 15. Bg5 Nd6 16. b4 a6 17. Na4 Nd7 18. Bxe7 Qxe7 19. Nxd7 Bxd7 20. Nb6 Rad8 21. a4 Bf5 22. Bxf5 Nxf5 23. b5 cxb5 24. axb5 axb5 25. Qc7 Qg5 26. Rc5 Nh4 27. Qg3 Qxg3 28. fxg3 Nf5 29. Nxd5 Nxe3 30. Nf6+ Kf8 31. Nxe8 Nxf1 32. Kxf1 Rxe8 33. Rxb5 Re7 34. g4 h6 35. Kf2 Ke8 36. d5 Re5 37. Kf3 Kf8 38. Kf4 f6 39. g3 g5+ 40. Kf3 Kg8 41. h4 b6 42. Rxb6 Rxd5 43. Rxf6 gxh4 44. gxh4 Kg7 45. Re6 Ra5 46. Kf4 Ra4+ 47. Re4 Ra7 48. Re6 Ra4+ 49. Kf5 Ra5+ 50. Re5 Ra7 51. h5 Rb7 52. Rd5 Rf7+ 53. Ke4 Re7+ 54. Re5 Ra7 55. Kf5 1/2-1/2

[Event "Cullera Masters 29th"]
[Site "Cullera"]
[Date "2012.08.27"]
[Round "4"]
[White "Navarro Ortiz de Orruno, Borja"]
[Black "Alcaraz Ortega, Javier"]
[Result "1/2-1/2"]
[WhiteElo "2358"]
[BlackElo "2331"]
[PlyCount "41"]
[EventDate "2012.08.25"]
[EventType "tourn"]
[EventRounds "9"]
[EventCountry "ESP"]
[EventCategory "3"]
[SourceTitle "CBM 150 Extra"]
[Source "ChessBase"]
[SourceDate "2012.10.19"]
[SourceVersion "1"]
[SourceVersionDate "2012.10.19"]
[SourceQuality "1"]

1. d4 d5 2. c4 c6 3. Nf3 Nf6 4. Qb3 dxc4 5. Qxc4 Bf5 6. Nc3 e6 7. g3 Nbd7 8. Bg2 Qb6 9. 0-0 Qb4 10. Qxb4 Bxb4 11. a3 Ba5 12. b4 Bb6 13. Na4 Bc7 14. Nc5 Nxc5 15. bxc5 Be4 16. Bf4 Bxf4 17. gxf4 Nd5 18. e3 Bxf3 19. Bxf3 Kd7 20. Rfb1 Rab8 21. Rb3 1/2-1/2

[Event "Mislata 46th"]
[Site "Mislata"]
[Date "2012.08.17"]
[Round "7"]
[White "Iagar, Razvan Gabriel"]
[Black "Alcaraz Ortega, Javier"]
[Result "0-1"]
[WhiteElo "2152"]
[BlackElo "2331"]
[PlyCount "88"]
[EventDate "2012.08.13"]
[EventType "tourn"]
[EventRounds "9"]
[EventCountry "ESP"]
[EventCategory "2"]
[SourceTitle "CBM 150 Extra"]
[Source "ChessBase"]
[SourceDate "2012.10.19"]
[SourceVersion "1"]
[SourceVersionDate "2012.10.19"]
[SourceQuality "1"]

1. d4 d5 2. c4 c6 3. Nf3 Nf6 4. e3 g6 5. Nc3 Bg7 6. Be2 0-0 7. 0-0 e6 8. Qc2 Nbd7 9. Rd1 b6 10. e4 Nxe4 11. Nxe4 dxe4 12. Qxe4 Bb7 13. b3 Qc7 14. Bf4 c5 15. Bxc7 Bxe4 16. Rac1 Rac8 17. Bd6 Rfd8 18. Ng5 Bb7 19. Bf3 Bxf3 20. Nxf3 cxd4 21. Nxd4 Nc5 22. Ne2 Bf6 23. Ng3 h5 24. f3 Bg5 25. Rb1 f5 26. Kf2 Kf7 27. Ne2 Bf6 28. Ke3 g5 29. h3 Nb7 30. Bb4 Nc5 31. Bc3 e5 32. g4 hxg4 33. hxg4 f4+ 34. Kf2 e4 35. Bxf6 Kxf6 36. Nc3 e3+ 37. Ke2 Ne6 38. Nd5+ Ke5 39. Rf1 Nc7 40. Nxc7 Rd2+ 41. Ke1 Rxc7 42. Rh1 Rcd7 43. Rh6 Rg2 44. Kf1 Rdd2 0-1

[Event "Mislata 46th"]
[Site "Mislata"]
[Date "2012.08.15"]
[Round "4"]
[White "Alcaraz Ortega, Javier"]
[Black "Matnadze, Ana"]
[Result "1-0"]
[WhiteElo "2331"]
[BlackElo "2422"]
[PlyCount "81"]
[EventDate "2012.08.13"]
[EventType "tourn"]
[EventRounds "9"]
[EventCountry "ESP"]
[EventCategory "2"]
[SourceTitle "CBM 150 Extra"]
[Source "ChessBase"]
[SourceDate "2012.10.19"]
[SourceVersion "1"]
[SourceVersionDate "2012.10.19"]
[SourceQuality "1"]

1. d4 d5 2. Bf4 g6 3. e3 Bg7 4. Nf3 Nf6 5. h3 0-0 6. Nbd2 Ne8 7. c4 c5 8. cxd5 cxd4 9. e4 e6 10. Bc4 exd5 11. Bxd5 Nc6 12. 0-0 Be6 13. Bxc6 bxc6 14. Qa4 c5 15. Rac1 Qb6 16. Ne1 Rc8 17. Nd3 Nf6 18. Rfe1 Nd7 19. Nc4 Bxc4 20. Rxc4 Qe6 21. Qc2 Nb6 22. Rxc5 Rxc5 23. Qxc5 Qxa2 24. e5 Rd8 25. Qe7 Rf8 26. Qc5 Qa4 27. b4 Qd7 28. Re4 Rd8 29. Qd6 Qc8 30. Qc5 Qa6 31. Qe7 Rf8 32. Nc5 Qa1+ 33. Kh2 Nd5 34. Qd6 Nxf4 35. Rxf4 Re8 36. Qd5 Rf8 37. e6 g5 38. Rxf7 Re8 39. Rxg7+ Kxg7 40. Qxg5+ Kh8 41. Qf6+ 1-0

[Event "Mislata 46th"]
[Site "Mislata"]
[Date "2012.08.13"]
[Round "1"]
[White "Alcaraz Ortega, Javier"]
[Black "Garcia, Jhon"]
[Result "1/2-1/2"]
[WhiteElo "2331"]
[BlackElo "2365"]
[PlyCount "95"]
[EventDate "2012.08.13"]
[EventType "tourn"]
[EventRounds "9"]
[EventCountry "ESP"]
[EventCategory "2"]
[SourceTitle "CBM 150 Extra"]
[Source "ChessBase"]
[SourceDate "2012.10.19"]
[SourceVersion "1"]
[SourceVersionDate "2012.10.19"]
[SourceQuality "1"]

1. d4 Nf6 2. Nf3 e6 3. c4 Nc6 4. Nc3 Bb4 5. Qc2 d5 6. e3 0-0 7. Bd3 dxc4 8. Bxc4 Qe7 9. 0-0 e5 10. Nd5 Nxd5 11. Bxd5 exd4 12. Bxc6 d3 13. Qxd3 bxc6 14. Qc4 a5 15. Rd1 Ba6 16. Qc2 Rad8 17. Bd2 Bd3 18. Bxb4 Bxc2 19. Bxe7 Bxd1 20. Bxd8 Rxd8 21. Nd4 Bg4 22. Rc1 Bd7 23. Kf1 Rb8 24. b3 Rb6 25. Ke2 Kf8 26. Rc5 a4 27. bxa4 Rb4 28. Nb3 Be6 29. Rxc6 Rxa4 30. Rxc7 Rxa2+ 31. Nd2 g6 32. e4 h6 33. Rc3 Kg7 34. Ke3 Bg4 35. h3 Be6 36. Nf3 Ra1 37. Nd4 Kf6 38. g4 Rh1 39. Ke2 h5 40. Nxe6 fxe6 41. f4 Rh2+ 42. Kf1 hxg4 43. hxg4 Rh4 44. e5+ Ke7 45. Rg3 g5 46. fxg5 Kf7 47. Kf2 Kg6 48. Kf3 1/2-1/2

[Event "Le Touquet op 26th"]
[Site "Le Touquet"]
[Date "2011.10.26"]
[Round "6"]
[White "Koziak, Vitali"]
[Black "Alcaraz Ortega, Javier"]
[Result "1-0"]
[WhiteElo "2493"]
[BlackElo "2333"]
[PlyCount "101"]
[EventDate "2011.10.22"]
[EventType "swiss"]
[EventRounds "9"]
[EventCountry "FRA"]
[SourceTitle "EXT 2012"]
[Source "ChessBase"]
[SourceDate "2011.11.24"]
[SourceVersion "1"]
[SourceVersionDate "2011.11.24"]
[SourceQuality "1"]

1. d4 d5 2. c4 c6 3. Nc3 Nf6 4. e3 g6 5. Nf3 Bg7 6. Be2 0-0 7. 0-0 e6 8. b4 Nbd7 9. Ba3 Re8 10. b5 dxc4 11. Bxc4 Nb6 12. Bd3 Nfd5 13. Ne4 cxb5 14. Bxb5 Bd7 15. Qb3 Bxb5 16. Qxb5 Qd7 17. Qxd7 Nxd7 18. Rab1 b6 19. Nd6 Red8 20. Ng5 Rf8 21. Rfc1 h6 22. Nf3 Rfd8 23. Nd2 Bf8 24. N2c4 N7f6 25. e4 Nf4 26. Kf1 Rd7 27. g3 N4h5 28. Rb3 Ne8 29. Nb5 Rc8 30. Bxf8 Kxf8 31. Ra3 Nd6 32. Nbxd6 Rxd6 33. Nxd6 Rxc1+ 34. Kg2 a5 35. Rf3 f5 36. exf5 Ke7 37. Nb5 gxf5 38. Rc3 Rb1 39. a4 Rb4 40. Rc7+ Kf6 41. Rh7 Kg6 42. Rb7 Rxa4 43. Rxb6 Kf7 44. d5 Rb4 45. Rb7+ Kf6 46. d6 e5 47. Rb8 Ng7 48. d7 Ne6 49. Re8 Nd8 50. Rxd8 Ke7 51. Ra8 1-0

[Event "Almansa op 6th"]
[Site "Almansa"]
[Date "2011.08.12"]
[Round "7"]
[White "Alcaraz Ortega, Javier"]
[Black "Del Valle Cirera, Adria"]
[Result "1-0"]
[WhiteElo "2248"]
[BlackElo "2146"]
[PlyCount "37"]
[EventDate "2011.08.09"]
[EventType "swiss"]
[EventRounds "9"]
[EventCountry "ESP"]
[SourceTitle "CBM 144 Extra"]
[Source "ChessBase"]
[SourceDate "2011.10.28"]
[SourceVersion "1"]
[SourceVersionDate "2011.10.28"]
[SourceQuality "1"]

1. d4 d5 2. Nf3 Nf6 3. c4 e6 4. Nc3 c6 5. e3 Nbd7 6. Qc2 Bd6 7. Be2 0-0 8. 0-0 Qe7 9. c5 Bc7 10. e4 dxe4 11. Nxe4 Nxe4 12. Qxe4 f5 13. Qc2 e5 14. Bg5 Qe8 15. dxe5 Nxe5 16. Rfe1 Qg6 17. Nxe5 Bxe5 18. Bc4+ Kh8 19. Be7 1-0

[Event "ESP-ch U18"]
[Site "Padron"]
[Date "2011.07.31"]
[Round "9"]
[White "Fernandez Garcia, Jose Miguel"]
[Black "Alcaraz Ortega, Javier"]
[Result "1-0"]
[WhiteElo "2285"]
[BlackElo "2248"]
[PlyCount "85"]
[EventDate "2011.07.25"]
[EventType "tourn"]
[EventRounds "9"]
[EventCountry "ESP"]
[SourceTitle "EXT 2012"]
[Source "ChessBase"]
[SourceDate "2011.11.24"]
[SourceVersion "1"]
[SourceVersionDate "2011.11.24"]
[SourceQuality "1"]

1. e4 d5 2. exd5 Qxd5 3. Nc3 Qa5 4. Bc4 Nf6 5. d3 Bg4 6. f3 Bd7 7. Nge2 Nc6 8. 0-0 e6 9. Kh1 a6 10. Bd2 Qc5 11. Ng3 b5 12. Bb3 Be7 13. Nce4 Qb6 14. Qe1 0-0 15. Nxf6+ Bxf6 16. c3 g6 17. Ne4 Bg7 18. Qh4 f6 19. Rae1 Na5 20. Be3 Qc6 21. Bc2 Rae8 22. Nc5 Bc8 23. a4 Nb7 24. Qb4 Rf7 25. Ra1 Bf8 26. d4 Nxc5 27. dxc5 Qb7 28. Rfd1 c6 29. Rd2 Rd7 30. Rxd7 Qxd7 31. Rd1 Qc7 32. Qd4 Be7 33. axb5 Rd8 34. b6 Rxd4 35. bxc7 Rxd1+ 36. Bxd1 Kf7 37. Ba4 e5 38. Bxc6 Ke6 39. b4 f5 40. c4 f4 41. Bf2 a5 42. b5 a4 43. b6 1-0

[Event "ESP-ch U18"]
[Site "Padron"]
[Date "2011.07.29"]
[Round "7"]
[White "Alcaraz Ortega, Javier"]
[Black "Suarez Uriel, Adrian"]
[Result "1-0"]
[WhiteElo "2248"]
[BlackElo "2217"]
[PlyCount "55"]
[EventDate "2011.07.25"]
[EventType "tourn"]
[EventRounds "9"]
[EventCountry "ESP"]
[SourceTitle "EXT 2012"]
[Source "ChessBase"]
[SourceDate "2011.11.24"]
[SourceVersion "1"]
[SourceVersionDate "2011.11.24"]
[SourceQuality "1"]

1. d4 Nf6 2. Nf3 g6 3. c4 Bg7 4. Nc3 d5 5. Qb3 dxc4 6. Qxc4 0-0 7. e4 a6 8. e5 b5 9. Qb3 Be6 10. exf6 Bxb3 11. fxg7 Re8 12. axb3 Nc6 13. Be3 Nb4 14. Rc1 Qd7 15. Be2 Kxg7 16. 0-0 Qe6 17. d5 Nxd5 18. Nd4 Qd7 19. Nxd5 Qxd5 20. Bf3 Qe5 21. Bxa8 Rxa8 22. Nf3 Qe6 23. Rxc7 h6 24. Re1 Qxb3 25. Bd4+ Kf8 26. Rcxe7 Rd8 27. Bf6 Qb4 28. R7e4 1-0

[Event "ESP-ch U18"]
[Site "Padron"]
[Date "2011.07.27"]
[Round "5"]
[White "Alcaraz Ortega, Javier"]
[Black "Medarde Santiago, Luis Marcos"]
[Result "1-0"]
[WhiteElo "2248"]
[BlackElo "2018"]
[PlyCount "43"]
[EventDate "2011.07.25"]
[EventType "tourn"]
[EventRounds "9"]
[EventCountry "ESP"]
[SourceTitle "EXT 2012"]
[Source "ChessBase"]
[SourceDate "2011.11.24"]
[SourceVersion "1"]
[SourceVersionDate "2011.11.24"]
[SourceQuality "1"]

1. d4 d5 2. Nf3 c6 3. c4 e6 4. Qc2 Nf6 5. e3 a6 6. Nc3 b5 7. b3 Bd6 8. Bd3 Nbd7 9. 0-0 e5 10. cxd5 cxd5 11. Bxb5 axb5 12. Nxb5 Bb8 13. dxe5 Nxe5 14. Nfd4 Ba6 15. Ba3 Qc8 16. Qd2 Qb7 17. Qb4 Nc6 18. Nxc6 Bxb5 19. Nxb8 Rxb8 20. Rfc1 Ba6 21. Qf4 Kd7 22. Qd6+ 1-0

[Event "ESP-ch U16"]
[Site "Padron"]
[Date "2011.07.21"]
[Round "5"]
[White "Alcaraz Ortega, Javier"]
[Black "Suarez Garcia, Carlos"]
[Result "0-1"]
[WhiteElo "2247"]
[BlackElo "2225"]
[PlyCount "90"]
[EventDate "2011.07.19"]
[EventType "swiss"]
[EventRounds "9"]
[EventCountry "ESP"]
[SourceTitle "CBM 143 Extra"]
[Source "ChessBase"]
[SourceDate "2011.08.29"]
[SourceVersion "1"]
[SourceVersionDate "2011.08.29"]
[SourceQuality "1"]

1. d4 d5 2. Nf3 Nf6 3. c4 c6 4. Nc3 a6 5. c5 Bf5 6. Bf4 Nh5 7. Be5 Nd7 8. e3 Nhf6 9. Bd3 Bxd3 10. Qxd3 Nxe5 11. Nxe5 Nd7 12. f4 g6 13. 0-0 Bg7 14. b4 f6 15. Nf3 0-0 16. e4 e6 17. a4 Qc7 18. e5 fxe5 19. fxe5 Bh6 20. g3 a5 21. b5 b6 22. cxb6 Nxb6 23. bxc6 Qxc6 24. Kg2 Nc4 25. Rf2 Ra7 26. Nd1 Rb7 27. h4 Rb4 28. Qc2 Rb2 29. Qc3 Ne3+ 30. Kg1 Qxc3 31. Nxc3 Rb3 32. Rc1 Ng4 33. Nd2 Rxf2 34. Nxb3 Bxc1 35. Nxc1 Rc2 36. N1e2 Ne3 37. Kf2 Nf5 38. Ke1 Nxg3 39. Kd1 Rxe2 40. Nxe2 Nxe2 41. Kxe2 h5 42. Kf3 Kg7 43. Kg3 Kh6 44. Kf4 g5+ 45. hxg5+ Kg6 0-1

[Event "Valenciana U18"]
[Site "Valenciana"]
[Date "2011.04.30"]
[Round "7"]
[White "Alcaraz Ortega, Javier"]
[Black "Cruz Lledo, Pablo"]
[Result "1/2-1/2"]
[WhiteElo "2236"]
[BlackElo "2241"]
[PlyCount "37"]
[EventDate "2011.04.27"]
[EventType "swiss"]
[EventRounds "7"]
[EventCountry "ESP"]
[SourceTitle "EXT 2024"]
[Source "ChessBase"]
[SourceDate "2023.10.10"]
[SourceVersion "1"]
[SourceVersionDate "2023.10.10"]
[SourceQuality "1"]

1. d4 d5 2. Nf3 Nf6 3. c4 c6 4. Nc3 dxc4 5. a4 Bf5 6. e3 e6 7. Bxc4 Nbd7 8. 0-0 Be7 9. Qe2 Ne4 10. Bd3 Ndf6 11. Qc2 Nxc3 12. bxc3 Bxd3 13. Qxd3 0-0 14. Ba3 c5 15. Rfb1 Rb8 16. h3 Qc7 17. Rb5 a6 18. Rbb1 Rfd8 19. Qc4 1/2-1/2